| 000 | 00929nam a2200253 i 4500 | ||
|---|---|---|---|
| 001 | 13576 | ||
| 003 | ES-MaACL | ||
| 005 | 20250728030700.0 | ||
| 007 | t| | ||
| 008 | 980519s1991 sp ||||1| spa d | ||
| 020 | _a84-86314-72-0 | ||
| 080 | _a860 Unamuno, Miguel de 2.06 | ||
| 100 | 1 |
_aLloréns García, Ramón F. _972890 |
|
| 245 | 1 | 4 |
_aLos libros de viajes de Miguel de Unamuno / _cRamón F. Lloréns García. |
| 260 |
_aAlicante : _bCaja de Ahorros Provincial, _c1991. |
||
| 300 |
_a132 p. ; _c22 cm. |
||
| 490 | 1 |
_aPublicaciones de la Caja de Ahorros Provincial ; _v158 |
|
| 504 | _aBibliografía : p. 107-126. | ||
| 600 | 1 | 4 |
_aUnamuno, Miguel de, _d1864-1936- _xCrítica e interpretación _9111984 |
| 710 | 2 |
_aCaja de Ahorros Provincial de Alicante. _92280 |
|
| 830 | 1 | 0 |
_aPublicaciones de la Caja de Ahorros Provincial de Alicante _v158 _9186986 |
| 852 |
_aES-MaACL _jL-20909 |
||
| 999 |
_c13576 _d13576 |
||